Filmy lat 90. - nagła śmierć - Statystyki

Ogólne statystyki
  • Ten quiz został rozwiązany 2 559 razy
  • Średni wynik to 12 z 28
Answers on the Grid
Answers color-coded by a green-red scale on the quiz's grid according to % correct below.
Aladyn
Apollo 13
Armageddon
Atak klonów (Gwiezdne wojny)
Bardzo dziki zachód
Bezsenność w Seattle
Braveheart. Waleczne Serce
Bruce Wszechmogący
Buntownik z wyboru
Chłopcy z ferajny
Con Air – lot skazańców
Dzień świstaka
Elf
Faceci w czerni
Forrest Gump
Grinch: Świąt nie będzie
Jumanji
Karate Kid
Kevin sam w domu
Król Lew
Krzyk
Ludzie honoru
Matrix
Między słowami
Miś
Mission: Impossible
Niekończąca się opowieść
Notting Hill
Pani Doubtfire
Park Jurajski
Powrót do przyszłości
Psy
Pulp Fiction
Rain Man
Spacer po linie
Spider-Man
Szeregowiec Ryan
Szklana pułapka
Titanic
Top Gun
Toy Story
Transformers
Zabójcza broń
Zjawa
 
Statystyki odpowiedzi
Odpowiedź % Poprawnych
1994 Forrest Gump
69%
1990 Kevin sam w domu
61%
1994 Król Lew
55%
1997 Titanic
55%
1999 Matrix
53%
1997 Faceci w czerni
52%
1995 Apollo 13
51%
1994 Pulp Fiction
51%
1995 Braveheart. Waleczne Serce
50%
1995 Jumanji
48%
1993 Park Jurajski
45%
1998 Armageddon
44%
1990 Chłopcy z ferajny
43%
1993 Dzień świstaka
43%
1995 Toy Story
41%
1992 Aladyn
39%
1993 Bezsenność w Seattle
39%
1996 Mission: Impossible
39%
1992 Psy
39%
1998 Szeregowiec Ryan
39%
1997 Buntownik z wyboru
38%
1996 Krzyk
37%
1999 Notting Hill
31%
2000 Grinch: Świąt nie będzie
28%
1993 Pani Doubtfire
28%
1999 Bardzo dziki zachód
24%
1997 Con Air – lot skazańców
23%
1992 Ludzie honoru
16%
Nie znaleziono quizów pasujących do podanych kryteriów
Rozkład punktacji
Procent ludzi z każdym wynikiem
Percentyl według liczby udzielonych odpowiedzi
Twoja historia wyników
Nie rozwiązałeś tego quizu